000
00314nam a2200157Ia 4500
100
_a
Freeman/Eric
650
_a
HTML
942
_c
BK
366
_f
25
245
_a
Head first HTML 5 programmin
260
_b
SPD
_c
2011
082
_a
4.65
_b
FRE
300
_a
573
546
_a
ENGLISH
_c
Computers
999
_c
30958
_d
30958